000 00276nam a22001337a 4500
008 170606b xxu||||| |||| 00| 0 eng d
020 _a067086644x
041 _aeng
080 _a94
100 _a18
101 _aSHH
245 _aHIGHLANDERS
_cMACLEAN,F
942 _2udc
_cBK
999 _c16024
_d16024